Evénements du 2 septembre - Statistiques

Statistiques générales
  • Ce quiz a été pris 25 fois
  • Le résultat moyen est 9 sur 15
Statistiques - réponses
Hint Réponse % Correct
Reddition du Japon ; fin de la 2e Guerre mondiale 1945
90%
Bataille d'Actium - 31
90%
Fin de la 3e croisade 1192
86%
Philippe d'Orléans devient régent de France pour Louis XV 1715
76%
Naissance de Dominique Farrugia 1962
76%
Grand incendie de Londres 1666
67%
Fondation de l'abbaye de Cluny 909
67%
1ère émission du Club Dorothée 1987
62%
Début des massacres de septembre à Paris 1792
57%
Naissance de Jack Lang ET Ouverture du camp de concentration du Stutthof en Pologne 1939
57%
Naissance du syndicaliste Henri Krasucki 1924
52%
Mort de Pierre de Coubertin 1937
43%
Naissance de l'écrivain Paul Bourget 1852
38%
Présentation de la 1ère 2CV Citroën 1940
33%
Mort du maréchal Koenig 1970
29%
Aucun quiz correspondant
Distribution des résultats
% des personnes avec chaque résultat
Percentile par nombre de réponses
Votre historique - résultats
Vous n’avez pas pris ce quiz